Slováci v zahraničí 11
Enregistré dans:
| Autres auteurs: | , |
|---|---|
| Format: | Livre |
| Langue: | slovaque |
| Publié: |
Martin
Matica slovenská
1985
|
| Édition: | 1. vyd. |
| Collection: | Teória a výskum
|
| Tags: |
Pas de tags, Soyez le premier à ajouter un tag!
|
MARC
| LEADER | 00000nam a2200000 4500 | ||
|---|---|---|---|
| 001 | c111032 | ||
| 005 | 20221220082315.7 | ||
| 041 | 0 | |a slo | |
| 044 | |a SK | ||
| 245 | 1 | 0 | |a Slováci v zahraničí 11 |c Hl. zost. František Bielik, Claude Baláž |
| 250 | |a 1. vyd. | ||
| 264 | 1 | |a Martin |b Matica slovenská |c 1985 | |
| 300 | |a 259 s. | ||
| 490 | 1 | |a Teória a výskum | |
| 830 | 0 | |a Teória a výskum | |
| 700 | 1 | |a Bielik, František | |
| 700 | 1 | |a Baláž, Claude | |